Internal 'Organ' Words Quiz Stats

 Plays Quiz Updated Aug 3, 2015

Also try: 'Triple-A' Battery
Challenge
Share
Tweet
Embed
Score 0/20 Timer 05:00
2 Plays Today
Hint Answer % Correct

Italian seasoning
OREGANO
98.3%

Native of Oslo
NORWEGIAN
89.6%

Ape of Indonesia
ORANGUTAN
88.9%

President of the 1980s
RONALD REAGAN
88.5%
Renewed, like some ChristiansBORN-AGAIN
88.1%
Borrowing money on, as property MORTGAGING
71%
MetLife Stadium team NEW YORK GIANTS
68.1%

'I Will Survive' singer
GLORIA GAYNOR
68.1%
Go back to square one START OVER AGAIN
67.7%

Church service attendees
CONGREGATION
54.9%
Hint Answer % Correct
Opera set on Catfish Row PORGY AND BESS
53.9%
Fail to appreciate TAKE FOR GRANTED
47.5%
Comic who hosted the SNL premiereGEORGE CARLIN
45.7%
Milan-based fashion name GIORGIO ARMANI
43.6%
Work-bound commuter's optionMORNING TRAIN
39.7%
Electrical amplification measure POWER GAIN
25%

Piano for a recital
CONCERT GRAND
21.3%
Islander's watercraft OUTRIGGER CANOE
17.9%
Biweekly business periodical FORBES MAGAZINE
15.1%
Detective or trooper's superior POLICE SERGEANT
11.6%

You're not logged in!

Compare scores with friends on all Sporcle quizzes.
Join for Free
OR
Log In

You Might Also Like...

Show Comments

Extras

Top Quizzes Today


Score Distribution

Your Account Isn't Verified!

In order to create a playlist on Sporcle, you need to verify the email address you used during registration. Go to your Sporcle Settings to finish the process.

Report this User

Report this user for behavior that violates our Community Guidelines.

Details: